|
|
|
|
| LEADER |
00000nam1a2200000 4500 |
| 001 |
295763 |
| 005 |
20250707121704.0 |
| 035 |
|
|
|a (RuTPU)RU\TPU\book\320852
|
| 090 |
|
|
|a 295763
|
| 100 |
|
|
|a 20150526d2014 k y0rusy50 ca
|
| 101 |
0 |
|
|a rus
|
| 102 |
|
|
|a RU
|
| 181 |
|
0 |
|a i
|
| 182 |
|
0 |
|a b
|
| 200 |
1 |
|
|a Сборник индивидуальных заданий по высшей математике
|e учебное пособие
|e в 4 ч.
|f Л. И. Терехина, И. И. Фикс
|g Национальный исследовательский Томский политехнический университет (ТПУ), Физико-технический институт (ФТИ), Кафедра высшей математики и математической физики (ВММФ)
|
| 203 |
|
|
|a Текст
|c электронный
|
| 205 |
|
|
|a 2-е изд.
|
| 210 |
|
|
|a Томск
|c Изд-во ТПУ
|d 2014-
|
| 801 |
|
1 |
|a RU
|b 63413507
|c 20120530
|
| 801 |
|
2 |
|a RU
|b 63413507
|c 20150526
|g RCR
|
| 850 |
|
|
|a 63413507
|
| 942 |
|
|
|c CF
|